Statistiques concernant Taylor Swift - Les Chansons traduites en français #2

Cliquez ici pour prendre le quiz!

Statistiques générales

  • Ce quiz a été pris 656 fois
    (198 depuis la dernière actualisation)
  • Le résultat moyen est 15 sur 20

Statistiques - réponses

HintRéponse% Correct
Bienvenu à New YorkWelcome to New York
100%
Histoire d'amourLove Story
98%
Notre chansonOur Song
98%
Ne me blame pasDon't Blame Me
96%
Pas de cadavre, pas de crimeNo Body, No Crime
94%
Brouillard lavandeLavender Haze
91%
HantéHaunted
89%
Mieux que la vengeanceBetter Than Revenge
87%
Mes larmes ricochentmy tears ricochet
82%
La bonne guerreThe Great War
82%
Reste belleStay Beautiful
78%
La mort par 1000 coupuresDeath by a Thousand Cuts
75%
J'avais oublié que tu existaisI Forgot That You Existed
74%
Meilleur hommeBetter Man
71%
Juste où tu m'as laisséRight Where You Left Me
67%
Seulement les jeunesOnly the Young
65%
Mon garçon ne casse que ses jouets préférésMy Boy Only Breaks His Favorite Toys
54%
Terre sainteHoly Ground
38%
Fraîchement sorti de prisonFresh Out the Slammer
23%
C'est à ce moment làThat's When
13%

Distribution des résultats

Percentile par nombre de réponses

% des personnes avec chaque résultat

Votre développement - résultats

Vous n’avez pas pris ce quiz depuis la dernière actualisation